000 00687nam a2200229Ia 4500
003 OSt
005 20221007071121.0
006 a|||||r|||| 00| 0
007 ta
008 221006b |||||||| |||| 00| 0 eng d
024 _a25,464
037 _cReports / Technical Reports
040 _aFLL
_cFLL
_beng
041 _2eng
_aeng
082 _aViN45L25L9Z, L0
100 _aLerner Natan
_9688177
245 0 _aU. N. convention on the elimination of all forms of racial discrimination
260 _aLeyden
_bA. W. Sijthoff
_c1970
300 _a132p
_ccm.
942 _hViN45L25L9Z, L0
_cREP
_2CC
999 _c1142501
_d1142501